<?xml version="1.0" encoding="UTF-8"?>
<record
    xmlns:xsi="http://www.w3.org/2001/XMLSchema-instance"
    xsi:schemaLocation="http://www.loc.gov/MARC21/slim http://www.loc.gov/standards/marcxml/schema/MARC21slim.xsd"
    xmlns="http://www.loc.gov/MARC21/slim">

  <leader>02209nam a2200265uu 4500</leader>
  <controlfield tag="001">1546995</controlfield>
  <controlfield tag="005">20240129082027.0</controlfield>
  <controlfield tag="007">cr|||||||</controlfield>
  <controlfield tag="008">200618s2019                        spa  </controlfield>
  <datafield tag="035" ind1=" " ind2=" ">
    <subfield code="a">1546995</subfield>
  </datafield>
  <datafield tag="040" ind1=" " ind2=" ">
    <subfield code="c">comduadb</subfield>
  </datafield>
  <datafield tag="041" ind1=" " ind2=" ">
    <subfield code="a">spa</subfield>
  </datafield>
  <datafield tag="100" ind1="1" ind2="0">
    <subfield code="a">Giraldo Gonz&#xE1;lez, Julio C&#xE9;sar</subfield>
    <subfield code="4">aut</subfield>
    <subfield code="e">aut</subfield>
    <subfield code="9">800383</subfield>
  </datafield>
  <datafield tag="245" ind1="1" ind2="0">
    <subfield code="a">Supervisi&#xF3;n en contratos de obra p&#xFA;blica componente t&#xE9;cnico</subfield>
  </datafield>
  <datafield tag="260" ind1=" " ind2=" ">
    <subfield code="a">Medell&#xED;n :</subfield>
    <subfield code="b">Autor(a),</subfield>
    <subfield code="c">2019.</subfield>
  </datafield>
  <datafield tag="300" ind1=" " ind2=" ">
    <subfield code="a">Archivo en Repositorio Institucional</subfield>
  </datafield>
  <datafield tag="520" ind1="3" ind2=" ">
    <subfield code="a">En los contratos de obra p&#xFA;blica el ente contratante debe garantizar la supervisi&#xF3;n de los recursos destinados para dicha obra. Como parte del apoyo de la supervisi&#xF3;n, se llevaron a cabo actividades que iban en aras del cumplimiento de los t&#xE9;rminos contractuales, -tales como: el estudio detallado de los contratos, estudio de las t&#xE9;cnicas constructivas, acompa&#xF1;amiento en obra, revisi&#xF3;n de ejecuci&#xF3;n de obra, revisi&#xF3;n de dise&#xF1;os. En la etapa pre contractual se apoy&#xF3; en la revisi&#xF3;n dise&#xF1;os a modo de afianzar el conocimiento en cuanto estos. Tambi&#xE9;n se apoy&#xF3; en la elaboraci&#xF3;n de presupuestos. En la etapa contractual se hizo el seguimiento t&#xE9;cnico a las obras durante su ejecuci&#xF3;n. Aunque en la supervisi&#xF3;n de un contrato de obra se abarcan aspectos financieros, jur&#xED;dicos, contables y ambientales, el trabajo se enfoc&#xF3; principalmente en la parte correspondiente al seguimiento t&#xE9;cnico. Cabe anotar que aunque en ocasiones los m&#xE9;todos constructivos son variados (lo cual hace dif&#xED;cil hacer el seguimiento) los resultados fueron los esperados en cuanto a la calidad y a las cantidades de obra. Por otro lado, se hizo la revisi&#xF3;n de un dise&#xF1;o estructural para un edificio existente con el fin de comparar los resultados en cuanto al dise&#xF1;o de una viga sometida a esfuerzos de flexi&#xF3;n. Aunque no se consideraron todas las fuerzas el resultado es muy similar en comparaci&#xF3;n con el dise&#xF1;o original.</subfield>
  </datafield>
  <datafield tag="650" ind1=" " ind2=" ">
    <subfield code="a">Supervisi&#xF3;n</subfield>
    <subfield code="9">88555</subfield>
  </datafield>
  <datafield tag="700" ind1="1" ind2="0">
    <subfield code="a">Obando Fuertes , Juan Carlos</subfield>
    <subfield code="4">ths</subfield>
    <subfield code="e">ths</subfield>
    <subfield code="9">780655</subfield>
  </datafield>
  <datafield tag="700" ind1="1" ind2="0">
    <subfield code="a">Rivas Tamayo, Daniel</subfield>
    <subfield code="4">ths</subfield>
    <subfield code="e">ths</subfield>
    <subfield code="9">799524</subfield>
  </datafield>
  <datafield tag="856" ind1="4" ind2=" ">
    <subfield code="u">http://hdl.handle.net/10495/12049</subfield>
  </datafield>
  <datafield tag="942" ind1=" " ind2=" ">
    <subfield code="c">TESIS</subfield>
    <subfield code="n">0</subfield>
  </datafield>
  <datafield tag="999" ind1=" " ind2=" ">
    <subfield code="c">814808</subfield>
    <subfield code="d">814808</subfield>
  </datafield>
  <datafield tag="502" ind1=" " ind2=" ">
    <subfield code="b">170</subfield>
    <subfield code="c">17</subfield>
  </datafield>
  <datafield tag="526" ind1=" " ind2=" ">
    <subfield code="a">172</subfield>
  </datafield>
</record>
